Las crónicas de Narnia : La travesía del Viajero del Alba /

Сохранить в:
Библиографические подробности
Главный автор: Lewis, C.S (autor)
Другие авторы: Baynes, Pauline (ilustración) (ilustración)
Формат:
Язык:испанский
Опубликовано: México : Destino, 2015, c2005
Предметы:
Метки: Добавить метку
Нет меток, Требуется 1-ая метка записи!

MARC

LEADER 00000nam^a2200000^a^4500
001 000395001
005 20250521000000.0
009 20260310121350.504
020 |a 978-970-37-0430-9 
020 |a 970-37-0430-1 
037 |a Acervo ITESO - Biblioteca 
041 |a ESP 
082 |a 808. 899282  |b LEW V. 5 
100 |a Lewis, C.S.  |e (autor) 
240 1 5 |a [Las crónicas de Narnia] 
240 1 5 |a [Las crónicas de Narnia: La travesía del Viajero del Alba] 
240 1 4 |a [La travesía del Viajero del Alba] 
245 1 4 |a Las crónicas de Narnia :  |b La travesía del Viajero del Alba /  |c C.S. Lewis ; il. de P. Baynes ; tr. por Gemma Gallart. 
264 4 |a México :  |b Destino,  |c 2015, c2005 
300 |a 312 p. 
336 |a texto  |b txt  |2 rdacontenido 
337 |a sin mediación  |b n  |2 rdamedio 
338 |a volumen  |b nc  |2 rdasoporte 
500 |a Traducción de: The Chronicles of Narnia: The Voyage of the Dawn Treader 
521 |a Peticiones 2017 
649 |a XX 
650 |a Novela Irlandesa 
650 |a Novela Inglesa 
650 |a Literatura Infantil -  |z Irlanda del Norte 
650 |a Literatura Infantil -  |z Inglaterra 
650 |a Literatura Fantástica -  |z Irlanda del Norte 
650 |a Literatura Fantástica -  |z Inglaterra 
650 |a Literatura Irlandesa -  |y Siglo XX 
650 |a Literatura Inglesa -  |y Siglo XX 
740 3 |a La travesía del Viajero del Alba /  |c C.S. Lewis ; il. de P. Baynes ; tr. por Gemma Gallart. 
700 |a Baynes, Pauline  |e (ilustración) 
910 |a Fondo General 
920 |a Impresos - Libros 
930 |a Colección General 
940 |a Literatura 
905 |a 101 
901 |a 0500290161  |b IT1  |c LIT  |i C155775  |u 20250521 
902 |a https://opac.biblio.iteso.mx/vufind/Record/000395001